[Event "Dat-P2"]
[Site "http://www.queenalice.com/game.php?id=209499"]
[Date "2007.5.11"]
[Round "-"]
[White "mgv"]
[Black "jamesrl"]
[Result "1-0"]
[WhiteElo "2115"]
[BlackElo "2018"]

1. e4 c5 2. Nf3 d6 3. d4 cxd4 4. Nxd4 Nf6 5. Nc3 a6 6. Be2 e5 7. Nf3 Be7 8. O-O
h6 9. h3 Nc6 10. Be3 Be6 11. Qd2 Qd7 12. Rfd1 O-O 13. Ne1 b5 14. a3 Rac8 15. f3
Nh5 16. Nd3 Bh4 17. Rf1 Ng3 18. Rfd1 Nd4 19. Nc1 Ngxe2+ 20. N1xe2 Nxf3+ 21. gxf3
Rc6 22. Bxh6 Bxh3 23. Kh2 Kh7 24. Bg5 Bxg5 25. Qxg5 Rh8 26. Kg3 f6 27. Qd2 Kg8
28. Rh1 Rh5 29. Rag1 Kf7 30. Kf2 Ke8 31. Nd5 Rh7 32. Rg2 f5 33. Rgh2 fxe4 34.
fxe4 Rh5 35. Qe3 1-0

[Event "Let's Play Chess!"]
[Site "http://www.queenalice.com/game.php?id=213636"]
[Date "2007.5.21"]
[Round "-"]
[White "corinthians2"]
[Black "mgv"]
[Result "1-0"]
[WhiteElo "2099"]
[BlackElo "2128"]

1. e4 e5 2. Nf3 Nc6 3. Bb5 a6 4. Ba4 Nf6 5. O-O b5 6. Bb3 Be7 7. Re1 O-O 8. a4
Bb7 9. d3 d6 10. Nbd2 Na5 11. Ba2 c5 12. Nf1 Nc6 13. Ne3 Qd7 14. c3 b4 15. Nf5
a5 16. Bg5 Nd8 17. N3h4 Ne6 18. Nxe7+ Qxe7 19. Nf5 Qd7 20. Bxf6 gxf6 21. Qg4+
Kh8 22. Qh4 Ng5 23. Qh6 Nf3+ 24. gxf3 Rg8+ 25. Kf1 Rg6 26. Qh5 d5 27. Rad1 Rag8
28. Ne3 Rg5 29. Qh4 bxc3 30. bxc3 d4 31. cxd4 cxd4 32. Ng4 Qe7 33. Ke2 Bc8 34.
Nh6 Rf8 35. Rg1 1-0

[Event "Challenge"]
[Site "http://www.queenalice.com/game.php?id=227617"]
[Date "2007.6.19"]
[Round "-"]
[White "leduar"]
[Black "mgv"]
[Result "0-1"]
[WhiteElo "1949"]
[BlackElo "2132"]

1. e4 e5 2. Nf3 Nc6 3. c3 Nf6 4. d4 exd4 5. e5 Qe7 6. cxd4 d6 7. Bb5 Bd7 8. O-O
dxe5 9. Nxe5 Nxe5 10. dxe5 Bxb5 11. exf6 Qxf6 12. Re1+ Be7 13. Nc3 Bc6 14. Qe2
Rd8 15. Ne4 Bxe4 16. Qxe4 Qe6 17. Bg5 Qxe4 18. Rxe4 f6 19. Rae1 Rd7 20. Bf4 Kf7
21. g4 Rhd8 22. R1e2 Kf8 23. Kg2 Bd6 24. Bxd6+ Rxd6 25. R4e3 Rd2 26. f4 Rxe2+
27. Rxe2 c5 28. Kf3 b5 29. Rc2 c4 30. Ke4 Ke7 31. a3 Rd3 32. a4 a6 33. Rc3 Rxc3
0-1

[Event "AUTO-OPEN-452"]
[Site "http://www.queenalice.com/game.php?id=242228"]
[Date "2007.7.19"]
[Round "2"]
[White "COMPUTADORA"]
[Black "mgv"]
[Result "0-1"]
[WhiteElo "1734"]
[BlackElo "2122"]

1. e4 e5 2. c4 Nf6 3. Nc3 d6 4. g3 Nc6 5. Bg2 Nd4 6. Nge2 Bg4 7. O-O Nf3+ 8. Kh1
Qd7 9. h3 h5 10. d4 Nxd4 11. Kh2 Nf3+ 12. Bxf3 Bxf3 13. Qd3 Qg4 14. Nf4 exf4 0-1

[Event "AUTO-OPEN-452"]
[Site "http://www.queenalice.com/game.php?id=242229"]
[Date "2007.7.19"]
[Round "2"]
[White "mgv"]
[Black "COMPUTADORA"]
[Result "0-1"]
[WhiteElo "2123"]
[BlackElo "1730"]

1. e4 c5 2. Nf3 Nc6 3. d4 cxd4 4. Nxd4 g6 5. Nc3 Bg7 6. Be3 Nf6 7. Be2 O-O 8.
O-O d5 9. Nxc6 bxc6 10. exd5 cxd5 11. f4 Bf5 12. Qd2 Rb8 13. Bd4 Rxb2 14. Rfc1
Ne4 15. Qe3 Nxc3 16. Qxc3 Qb6 17. Bxb6 Bxc3 18. Bxa7 Rb7 19. Bf2 Bxa1 20. Rxa1
Bxc2 21. a4 Rfb8 22. Bb5 Bxa4 23. Ba7 Bxb5 24. Bxb8 Rxb8 0-1

[Event "AUTO-OPEN-452"]
[Site "http://www.queenalice.com/game.php?id=242234"]
[Date "2007.7.19"]
[Round "2"]
[White "topalov"]
[Black "mgv"]
[Result "1-0"]
[WhiteElo "2068"]
[BlackElo "2099"]

1. e4 e5 2. Nf3 Nc6 3. Bc4 Nf6 4. Ng5 d5 5. exd5 Na5 6. Bb5+ Bd7 7. Qe2 Bd6 8.
Bxd7+ Nxd7 9. Ne4 b6 10. d3 O-O 11. O-O Nb7 12. Re1 Nbc5 13. Nbc3 h6 14. Nxd6
cxd6 15. Ne4 Qe7 16. Be3 f5 17. Nc3 f4 18. Bxc5 bxc5 19. Qf3 Nf6 20. Qxf4 Qb7
21. Qc4 Qxb2 22. Nb5 a6 23. Nxd6 Qd4 24. Nf5 Qxc4 25. dxc4 Nd7 26. Ne3 Rf4 27.
Rab1 1-0

[Event "AUTO-OPEN-452"]
[Site "http://www.queenalice.com/game.php?id=242235"]
[Date "2007.7.19"]
[Round "2"]
[White "mgv"]
[Black "topalov"]
[Result "1-0"]
[WhiteElo "2076"]
[BlackElo "2017"]

1. e4 e5 2. Nf3 Nc6 3. Bc4 Bc5 4. c3 Nf6 5. d4 exd4 6. cxd4 Bb4+ 7. Nc3 Nxe4 8.
O-O Bxc3 9. bxc3 d5 10. Bd3 O-O 11. Qc2 Re8 12. Bf4 Qf6 13. Bg3 Bf5 14. Rae1
Rac8 15. Ne5 Ne7 16. Re3 c5 17. Qb2 Nxg3 18. fxg3 Qg5 19. Qe2 cxd4 20. cxd4 f6
21. h4 Qh6 22. Bxf5 Nxf5 23. Rxf5 fxe5 24. Rfxe5 Rxe5 25. Rxe5 Qg6 26. Rxd5 Qf7
27. Qf3 Qxf3 28. gxf3 Rc1+ 29. Kf2 Rc2+ 30. Ke3 Rxa2 31. Rd8+ Kf7 32. Rd7+ Kf6
33. Rxb7 Ra3+ 34. Ke4 h5 35. Rb4 Ra1 36. Rc4 a5 37. Kf4 g6 38. Rc6+ 1-0

[Event "Challenge"]
[Site "http://www.queenalice.com/game.php?id=249818"]
[Date "2007.8.2"]
[Round "-"]
[White "Amadeus"]
[Black "mgv"]
[Result "1-0"]
[WhiteElo "2200"]
[BlackElo "2157"]

1. e4 c5 2. Nf3 Nc6 3. d4 cxd4 4. Nxd4 d6 5. Nc3 Nf6 6. Bg5 Bd7 7. Qd2 e5 8.
Ndb5 Be6 9. O-O-O a6 10. Nxd6+ Bxd6 11. Qxd6 Qxd6 12. Rxd6 Ke7 13. Rd2 Rad8 14.
Nd5+ Bxd5 15. exd5 Nd4 16. f4 1-0

[Event "Challenge"]
[Site "http://www.queenalice.com/game.php?id=249819"]
[Date "2007.8.2"]
[Round "-"]
[White "mgv"]
[Black "Amadeus"]
[Result "0-1"]
[WhiteElo "2146"]
[BlackElo "2219"]

1. e4 c5 2. Nf3 d6 3. d4 cxd4 4. Nxd4 Nf6 5. Nc3 e6 6. Bg5 a6 7. Be2 Be7 8. Qd2
Nc6 9. O-O Bd7 10. Rad1 h6 11. Be3 b5 12. a3 O-O 13. f4 Qc7 14. g4 Nxd4 15. Bxd4
e5 16. Bf2 Qb7 17. g5 Nxe4 18. Nxe4 Qxe4 19. Bg3 Rac8 20. Bd3 Qd4+ 0-1

[Event "Challenge"]
[Site "http://www.queenalice.com/game.php?id=251045"]
[Date "2007.8.4"]
[Round "-"]
[White "breizatao"]
[Black "mgv"]
[Result "1-0"]
[WhiteElo "2130"]
[BlackElo "2136"]

1. b4 e5 2. Bb2 d6 3. c4 f5 4. g3 Nf6 5. Bg2 Be7 6. d3 O-O 7. Nc3 Nc6 8. b5 Nd4
9. Nf3 Ne6 10. O-O g5 11. Qd2 f4 12. Nd5 h6 13. Nxe7+ Qxe7 14. Qc2 Rb8 15. d4
Nxd4 16. Nxd4 exd4 17. Bxd4 b6 18. Bd5+ Kg7 19. gxf4 Be6 20. fxg5 hxg5 21. f4 g4
22. Bg2 Rh8 23. e4 Rh5 24. Rae1 Rbh8 25. e5 1-0

[Event "Challenge"]
[Site "http://www.queenalice.com/game.php?id=251114"]
[Date "2007.8.5"]
[Round "-"]
[White "mgv"]
[Black "breizatao"]
[Result "0-1"]
[WhiteElo "2136"]
[BlackElo "2085"]

1. e4 e5 2. Nf3 d6 3. d4 f5 4. dxe5 fxe4 5. Ng5 d5 6. e6 Bb4+ 7. c3 Bc5 8. Nf7
Qf6 9. Qe2 Bxe6 10. Nxh8 Nc6 11. Be3 Bxe3 12. Qxe3 O-O-O 13. Nd2 Nge7 14. O-O-O
Rxh8 15. f3 Nf5 16. Qc5 exf3 17. Nxf3 Qh6+ 18. Kb1 Ne3 19. Rd2 b6 20. Qb5 Bg4
21. Bd3 Bxf3 22. gxf3 Ne5 23. Bf5+ Nxf5 24. Rxd5 Qg6 25. Ka1 Ne3 0-1

[Event "Challenge"]
[Site "http://www.queenalice.com/game.php?id=267526"]
[Date "2007.9.5"]
[Round "-"]
[White "mgv"]
[Black "Whitecharger"]
[Result "0-1"]
[WhiteElo "2136"]
[BlackElo "2083"]

1. d4 d5 2. c4 e5 3. dxe5 d4 4. e3 Bb4+ 5. Bd2 dxe3 6. Qa4+ Nc6 7. Bxb4 exf2+ 8.
Kxf2 Qh4+ 9. Ke3 Qd4+ 10. Kf3 Bg4+ 11. Kg3 h5 12. h4 Qxe5+ 13. Kf2 Qxb2+ 0-1

[Event "Challenge"]
[Site "http://www.queenalice.com/game.php?id=267979"]
[Date "2007.9.7"]
[Round "-"]
[White "Pato"]
[Black "mgv"]
[Result "1-0"]
[WhiteElo "2066"]
[BlackElo "2136"]

1. Nh3 e5 2. Na3 d5 3. e3 Qh4 4. Nb5 Na6 5. g3 Qh6 6. Ng1 c6 7. Nc3 Nc7 8. Bg2
f5 9. d4 e4 10. Nce2 g5 11. c4 Nf6 12. h4 Bb4+ 13. Bd2 Bxd2+ 14. Qxd2 dxc4 15.
hxg5 Qxg5 16. Nh3 Qg7 17. a4 Ncd5 18. Nhf4 Nxf4 19. Nxf4 Nd5 20. Nh5 Qg6 21. Bf1
b5 22. axb5 cxb5 23. b3 c3 24. Bxb5+ Bd7 25. Qe2 Qb6 26. Bxd7+ Kxd7 27. Qc4 Qb7
28. Qxd5+ Qxd5 29. Nf6+ Ke6 30. Nxd5 Kxd5 31. Ra5+ Kd6 32. Rh6+ Kd7 33. Rxf5 1-0

[Event "Challenge"]
[Site "http://www.queenalice.com/game.php?id=271160"]
[Date "2007.9.13"]
[Round "-"]
[White "Pato"]
[Black "mgv"]
[Result "0-1"]
[WhiteElo "2102"]
[BlackElo "2100"]

1. f4 d5 2. b3 c5 3. Bb2 Nc6 4. e3 Nf6 5. Bb5 Bg4 6. Bxc6+ bxc6 7. Nf3 e6 8. O-O
Bd6 9. d3 Qb6 10. Qe1 O-O-O 11. Nbd2 Rhg8 12. Ne5 Qc7 13. Ndf3 Bh5 14. b4 Nd7
15. bxc5 Nxc5 16. d4 Ne4 17. c4 f6 18. c5 Bxe5 19. fxe5 Bxf3 20. gxf3 Ng5 21.
Bc3 Rdf8 22. Ba5 Qf7 23. f4 Ne4 24. Qb4 Qg6+ 25. Kh1 Ng3+ 26. hxg3 Qxg3 27. Rfb1
Qf3+ 28. Kg1 Qxe3+ 29. Kf1 Qxf4+ 30. Ke2 Qe4+ 31. Kd2 Qf4+ 32. Kc2 Qf2+ 33. Kb3
fxe5 34. Ka3 Rf3+ 35. Rb3 Rxb3+ 36. Qxb3 Qxd4 37. Rb1 Qxc5+ 38. Bb4 Qb6 39. Qh3
c5 40. Qxh7 cxb4+ 41. Rxb4 Qa5+ 42. Kb3 Rf8 43. Qh3 Qa6 44. Qc3+ Kd7 45. Qxe5
Rf3+ 46. Kb2 Qa3+ 0-1

[Event "¡¡¡ Visca el Barça !!!"]
[Site "http://www.queenalice.com/game.php?id=278173"]
[Date "2007.9.28"]
[Round "-"]
[White "ENDHER"]
[Black "mgv"]
[Result "1-0"]
[WhiteElo "2292"]
[BlackElo "2112"]

1. e4 e5 2. Nf3 Nc6 3. Bb5 a6 4. Ba4 Nf6 5. O-O Be7 6. Re1 b5 7. Bb3 O-O 8. d3
d6 9. Bg5 Na5 10. Nc3 Bb7 11. Nh4 Nxb3 12. axb3 Nd7 13. Bxe7 Qxe7 14. Nf5 Qe6
15. d4 g6 16. Ne3 Nf6 17. d5 Qe7 18. b4 Nh5 19. Qg4 Ng7 20. h4 f5 21. Qg5 Rf7
22. f3 Raf8 23. Red1 Qf6 24. Kf2 Bc8 25. b3 Kh8 26. Rh1 Ne8 27. Ke2 Qg7 28. h5
gxh5 29. Rxh5 Qxg5 30. Rxg5 f4 31. Nf5 Ng7 32. Nh6 Rf6 33. Rh1 Bd7 34. g3 fxg3
35. Rxg3 Rg6 36. Rxg6 hxg6 37. Nf5+ Kg8 38. Nxg7 Kxg7 39. Ra1 Bc8 40. Nd1 Rh8
41. c4 bxc4 42. bxc4 Bb7 43. b5 Ra8 44. Nc3 Kf6 45. Ke3 g5 46. Rh1 Kg6 47. bxa6
Bxa6 48. Ra1 Bb7 49. Rxa8 Bxa8 50. Nb5 c5 51. Nxd6 Kf6 52. Ke2 Ke7 53. Nc8+ 1-0

[Event "Challenge"]
[Site "http://www.queenalice.com/game.php?id=280995"]
[Date "2007.10.4"]
[Round "-"]
[White "mgv"]
[Black "Pero_Motta"]
[Result "0-1"]
[WhiteElo "2112"]
[BlackElo "2089"]

1. d4 Nf6 2. c4 e6 3. Nc3 Bb4 4. Qc2 O-O 5. Nf3 c5 6. e3 d5 7. Bd2 cxd4 8. Nxd4
e5 9. Nf3 d4 10. Ne4 Bxd2+ 11. Nfxd2 dxe3 12. Nxf6+ Qxf6 13. fxe3 Nc6 14. Be2
Rd8 15. O-O-O Qf2 16. Nf1 Bh3 17. gxh3 Nb4 18. Qb3 Qxe2 19. Nd2 Nd3+ 20. Kb1 Nf2
21. Rhe1 Qh5 0-1

[Event "Challenge"]
[Site "http://www.queenalice.com/game.php?id=294228"]
[Date "2007.10.28"]
[Round "-"]
[White "aeapmestre"]
[Black "mgv"]
[Result "1-0"]
[WhiteElo "2148"]
[BlackElo "2105"]

1. b3 d5 2. e3 e5 3. Bb2 Bd6 4. c4 c6 5. cxd5 cxd5 6. Nc3 Ne7 7. Nb5 Nbc6 8.
Nxd6+ Qxd6 9. Nf3 Bg4 10. Be2 O-O 11. O-O f5 12. d3 Rad8 13. Rc1 e4 14. dxe4
dxe4 15. Bc4+ Kh8 16. Qxd6 Rxd6 17. Ng5 Bh5 18. Ne6 Rc8 19. Nxg7 1-0

[Event "Challenge"]
[Site "http://www.queenalice.com/game.php?id=326784"]
[Date "2007.12.27"]
[Round "-"]
[White "leduar"]
[Black "mgv"]
[Result "0-1"]
[WhiteElo "1872"]
[BlackElo "2092"]

1. e4 d5 2. exd5 Nf6 3. d4 Nxd5 4. c4 Nf6 5. Nf3 e6 6. Bg5 c5 7. d5 Be7 8. Nc3
O-O 9. Be2 exd5 10. Bxf6 Bxf6 11. cxd5 Re8 12. O-O Bg4 13. Bb5 Nd7 14. Na4 Bd4
15. Qd3 Bxf3 16. Qxf3 a6 17. Bd3 Ne5 18. Qh3 Nxd3 19. Qxd3 Qxd5 20. Kh1 Rad8 21.
Rfd1 Qe5 22. Rac1 g6 23. Qg3 Qf5 24. Rd2 Rd5 25. Nb6 Rde5 26. f4 Re3 27. Qh4 Qe6
0-1

[Event "GIL VEGA VS GARCIA"]
[Site "http://www.queenalice.com/game.php?id=358727"]
[Date "2008.2.22"]
[Round "-"]
[White "mgv"]
[Black "ENDHER"]
[Result "0-1"]
[WhiteElo "2082"]
[BlackElo "2334"]

1. e4 e5 2. Nf3 Nf6 3. Nc3 Nc6 4. d3 d5 5. Bg5 d4 6. Nd5 Be6 7. c4 dxc3 8. Nxc3
Be7 9. Be2 Qd7 10. Qa4 O-O 11. O-O Rfd8 12. Rac1 Rac8 13. a3 a6 14. b4 Bg4 15.
h3 Bxf3 16. Bxf3 Qd6 17. Bxf6 Bxf6 18. Nd5 Bg5 19. Bg4 Ra8 20. Rc3 g6 21. g3 f5
22. Bd1 Nd4 23. Rxc7 b5 24. Qa5 Rdb8 0-1